000 00607nam a2200205Ia 4500
003 GCL
008 140319s9999 xx 000 0 ara d
040 _aGCL /
_cGCL
082 0 4 _a811.1
_bى ش
100 1 _aيحيى الجبورى
245 1 0 _aالشعر الجاهلى خصائصة وفنونة /
_cيحيى الجبورى
260 _a[S.N] :
_bمؤسسة الرسالة ،
_c1982
300 _a510 ص
490 _a
650 0 4 _aالشعر العربى
650 0 4 _aالادب العربى
650 0 4 _aالعصر الجاهلى
650 0 4 _aدواوين وقصائد
942 _2ddc
_cBK
999 _c34557
_d34557